000 01413cam a22003018i 4500
001 1338666582
003 OSt
005 20250417123803.0
008 220701t20232023enka b 001 0 eng d
020 _a9780128154496 (paperback)
040 _aUKMGB
_beng
_erda
_cUKMGB
_dNUST
050 4 _aRD781 FOO
245 0 0 _aFoot and ankle biomechanics /
_cedited by William Ledoux and Scott Telfer.
260 _aLondon :
_bAcademic Press,
_c2023.
300 _axxxvi, 777 pages :
_bIllustrations ;
_c28 cm.
336 _atext
_btxt
_2rdacontent.
337 _aunmediated
_bn
_2rdamedia.
338 _avolume
_bnc
_2rdacarrier.
504 _aIncludes bibliographical references and index.
650 0 _vFoot -- Movements.
650 0 _vFoot -- Abnormalities.
650 0 _vAnkle -- Mechanical properties.
650 0 _vAnkle -- Abnormalities.
700 1 _aLedoux, William R.,
_eeditor.
_1https://isni.org/isni/0000000499801595.
_0no2018155167
_4http://id.loc.gov/vocabulary/relators/edt
_0http://id.loc.gov/authorities/names/no2018155167
_1http://viaf.org/viaf/33154257999024152398
700 1 _aTelfer, Scott
_c(Biomedical engineer),
_eeditor.
_4http://id.loc.gov/vocabulary/relators/edt
776 0 8 _aOnline version:
_tFoot and ankle biomechanics.
_dLondon ; San Diego, CA : Academic Press, an imprint of Elsevier, [2023]
_z9780128154373
_w(OCoLC)1355688305
942 _2lcc
_cBOOKS
_hRD781 FOO
_kRD
_mFOO
_n0
999 _c171649
_d171649